Library Logo

Pioneer International University Library Catalogue

CAREERS IN SCIENCE AND TECHNOLOGY (Record no. 9582)

MARC details
000 -LEADER
fixed length control field 00580nam a22001817a 4500
003 - CONTROL NUMBER IDENTIFIER
control field OSt
005 - DATE AND TIME OF LATEST TRANSACTION
control field 20251009113510.0
008 - FIXED-LENGTH DATA ELEMENTS--GENERAL INFORMATION
fixed length control field 251009b |||||||| |||| 00| 0 eng d
020 ## - INTERNATIONAL STANDARD BOOK NUMBER
International Standard Book Number 9780435898731
040 ## - CATALOGING SOURCE
Transcribing agency HEINEMANN EUCATIONAL PUBLISHERS,
050 ## - LIBRARY OF CONGRESS CALL NUMBER
Classification number HD 8038 .M66 2002
082 ## - DEWEY DECIMAL CLASSIFICATION NUMBER
Edition information 1ST EDITION
Classification number HD 8038 .M66 2002
Item number 32
245 ## - TITLE STATEMENT
Title CAREERS IN SCIENCE AND TECHNOLOGY
260 ## - PUBLICATION, DISTRIBUTION, ETC.
Place of publication, distribution, etc. SANDTON 2146, JOHANESBURG, SOUTH AFRICA
Name of publisher, distributor, etc. HEINEMANN EDUCATIONAL PUBLISHERS
Date of publication, distribution, etc. 2002
505 ## - FORMATTED CONTENTS NOTE
Title CAREERS IN SCIENCE AND TECHNOLOGY
760 ## - MAIN SERIES ENTRY
Edition EDITED BY KAREN MORRISON
942 ## - ADDED ENTRY ELEMENTS (KOHA)
Source of classification or shelving scheme Library of Congress Classification
Koha item type Books
Suppress in OPAC No

No items available.